Teatro selecto /
Guardado en:
| Autor Principal: | |
|---|---|
| Formato: | Libro |
| Publicado: |
Buenos Aires :
Centro Editor de América Latina,
1978
|
| Series: | Biblioteca Básica Universal ; No. 71
|
| Materias: | |
| Etiquetas: |
Agregar Etiqueta
Sin Etiquetas, Sea el primero en etiquetar este registro!
|
| LEADER | 00660nam a22001935a 4500 | ||
|---|---|---|---|
| 001 | CEM.cems010495 | ||
| 005 | 20080513130219.0 | ||
| 008 | 130507s1978##################000#0#####d | ||
| 003 | CEMS | ||
| 082 | 0 | 4 | |a 808.2 |
| 100 | 1 | |a Lafforgue, Jorge | |
| 245 | 1 | 0 | |a Teatro selecto / |c Estudio Preliminar Jorge Lafforgue |
| 260 | |a Buenos Aires : |b Centro Editor de América Latina, |c 1978 | ||
| 300 | |a 173 p. | ||
| 490 | 0 | |a Biblioteca Básica Universal ; No. 71 | |
| 505 | 0 | |a Edipo Rey / Sófocles -- El mercader de Venecia / Shakespeare -- El emperador Jones / O'Neill | |
| 653 | |a Teatro | ||
| 653 | |a Literatura | ||
| 859 | |a CEMS |b BIB. CEMS - 11 de abril |h 808.2 |i L134 |p 20609.99 |t Ej.1 | ||
